| 000 | 00981nas a2200325 4500 | ||
|---|---|---|---|
| 001 | BR2011003102 | ||
| 003 | BR-BrBNA | ||
| 005 | 20231205115351.0 | ||
| 007 | ta | ||
| 008 | 230509b bl.|||p| |||| 00| 00por d | ||
| 040 |
_aBR-BrBNA _bpor _cBiblioteca Nacional de Agricultura |
||
| 041 | _a(Pt) | ||
| 072 | _aH60; P34 | ||
| 100 | 1 | _aOliveira Júnior, R.S. | |
| 100 | 1 | _aDvoranen, E.C. | |
| 100 | 1 | _aConstantin , J. | |
| 100 | 1 | _aCavalieri, S.D. | |
| 100 | 1 | _aFranchini, L.H.M. | |
| 100 | 1 | _aRios, F.A. | |
| 100 | 1 | _aBlainski, E. | |
| 245 | 1 | _aInfluência do Glyphosate sobre a nodulação e o crescimento de cultivares de soja resistente ao glyphosate | |
| 650 | _aHERBICIDA | ||
| 650 | _aSOJA | ||
| 650 | _aFIXAÇÃO DE NITROGÊNIO | ||
| 650 | _aRHIZOBIUM | ||
| 650 | _aSIMBIOSE | ||
| 773 | 0 |
_tPlanta Daninha (Brazil) _xISSN 0100-8358 _g(Oct-Dec 2008), v. 26(4) p. 831-843 _wBR2011003102 |
|
| 909 |
_a202311 _bLúcia _c55 _dLúcia Elande |
||
| 942 |
_2AGRIS _n0 _cANA |
||
| 999 |
_c213429 _d213429 |
||